000 00466nam a2200169 a 4500
001 000026312
005 20200930024502.0
008 110312s1987 dr 000 0 spa d
040 _aDO-SdBNP
_bspa
_cBNPHU
082 _axxx
_bO84a
100 1 _aOssorio, Ángel
_953340
245 1 3 _aEl alma de la toga /
_cÁngel Ossorio.
260 _aSanto Domingo :
_bFuturo,
_c1987.
300 _a296 p. ;
_c21 cm.
500 _aIncluye notas al pie de páginas
049 _aBNPD
999 _c25804
_d25804